Guess The Metal Band From The First Letter - Statistics

General Stats
  • This quiz has been taken 44 times
  • The average score is 11 of 30
Answer Stats
Picture Hint Answer % Correct
Metallica
97%
SlipKnoT
89%
KoRn
83%
Black Sabbath
71%
Megadeth
71%
Cannibal Corpse
69%
Deftones
69%
Gojira
60%
This is a 'J' not a 'd' Judas Priest
57%
Opeth
57%
Slayer
49%
Party Cannon
37%
Trivium
37%
Death
34%
Hatebreed
31%
System of a Down
31%
Morbid Angel
29%
Napalm Death
26%
Cradle of Filth
20%
In Flames
20%
Motionless in White
17%
Archspire
11%
Bullet For My Valentine
11%
Children of Bodom
11%
Primus
11%
Alestorm
9%
Dream Theater
6%
Rings of Saturn
3%
Shadow of Intent
3%
Celldweller
0%
No matching quizzes found
Score Distribution
Percent of People with Each Score
Percentile by Number Answered
Your Score History
You have not taken this quiz